000 00732nam a2200205 u 4500
005 20220614142949.0
008 090622s2007 es r 000 0 spa d
020 _a9788478275175
035 _aUPN01000171301
049 _aCG
050 4 _aPQ7081
_bL6.3
100 1 _aLomas, Carlos,
_d1956-
_929048
245 1 0 _aErase una vez la escuela :
_blos ecos de la escuela en las voces de la literatura /
_cCarlos Lomas.
260 _aBarcelona, Esp. :
_bGraó,
_c2007.
300 _a234 p. :
_bil. col.
440 0 _aMicro-macro referencias ;
_v13.
_pDidáctica de la lengua y la literatura
650 4 _aLITERATURA ESPAÑOLA -
_ySIGLO XX -
_xHISTORIA Y CRITICA
_917891
650 0 _aAutores españoles
_ySiglo XX
_913175
905 _aLibro
999 _c143406
_d143406